[Event "Titled Tuesday intern op 18th Jul Early"]
[Site "Chess.com INT"]
[Date "2023.07.18"]
[Round "8"]
[White "Korpics, Zsolt"]
[Black "Subervi Nunez, Jonathan Sigfredo"]
[Result "1-0"]
[WhiteElo "2300"]
[BlackElo "2053"]
[PlyCount "53"]
[EventDate "2023.07.18"]
[EventType "swiss (blitz)"]
[EventRounds "11"]
[EventCountry "USA"]
[SourceTitle "EXT 2024"]
[Source "ChessBase"]
[SourceDate "2023.10.10"]
[SourceVersion "1"]
[SourceVersionDate "2023.10.10"]
[SourceQuality "1"]

1. e4 c5 2. Nf3 d6 3. d4 cxd4 4. Nxd4 Nf6 5. Nc3 Nc6 6. Bg5 g6 7. Bxf6 exf6 8. Bc4 Bg7 9. 0-0 f5 10. Ndb5 0-0 11. Nxd6 fxe4 12. Ndxe4 Qh4 13. Bb3 Bf5 14. Ng3 Bg4 15. f3 Rad8 16. Qe2 Rfe8 17. Qc4 Bd4+ 18. Kh1 Be6 19. Qa4 Bxb3 20. axb3 Re5 21. Nce2 b5 22. Qa6 Nb4 23. Qb7 Nxc2 24. Rad1 Ne3 25. Nxd4 Nxf1 26. Nxf1 Red5 27. g3 1-0

[Event "Titled Tuesday intern op 04th Jul Early"]
[Site "Chess.com INT"]
[Date "2023.07.04"]
[Round "9"]
[White "Dubnevych, Maksym"]
[Black "Korpics, Zsolt"]
[Result "1-0"]
[WhiteElo "2251"]
[BlackElo "2300"]
[PlyCount "69"]
[EventDate "2023.07.04"]
[EventType "swiss (blitz)"]
[EventRounds "11"]
[EventCountry "USA"]
[SourceTitle "EXT 2024"]
[Source "ChessBase"]
[SourceDate "2023.10.10"]
[SourceVersion "1"]
[SourceVersionDate "2023.10.10"]
[SourceQuality "1"]

1. e4 c5 2. Nf3 e6 3. c4 Nc6 4. Nc3 e5 5. g3 d6 6. Bg2 g6 7. 0-0 Bg7 8. d3 Nge7 9. Bg5 0-0 10. a3 h6 11. Be3 f5 12. Qd2 Kh7 13. Nd5 Be6 14. b4 b6 15. Ne1 Rc8 16. Rb1 g5 17. f4 gxf4 18. gxf4 Nd4 19. Kh1 Ng6 20. fxe5 Nxe5 21. Bxd4 cxd4 22. Bh3 Bxd5 23. exd5 Ng4 24. Ng2 Be5 25. Bxg4 fxg4 26. Qe2 Qg5 27. Qe4+ Kg7 28. Rbe1 Rxf1+ 29. Rxf1 Qh5 30. Nf4 Bxf4 31. Rxf4 g3 32. Rg4+ Kf8 33. Qf3+ Ke7 34. Rg7+ Kd8 35. Qf8+ 1-0

[Event "Titled Tuesday intern op 04th Jul Late"]
[Site "Chess.com INT"]
[Date "2023.07.04"]
[Round "9"]
[White "Kirillov, Dmitry1111"]
[Black "Korpics, Zsolt"]
[Result "0-1"]
[WhiteElo "2206"]
[BlackElo "2300"]
[PlyCount "78"]
[EventDate "2023.07.04"]
[EventType "swiss (blitz)"]
[EventRounds "11"]
[EventCountry "USA"]
[SourceTitle "EXT 2024"]
[Source "ChessBase"]
[SourceDate "2023.10.10"]
[SourceVersion "1"]
[SourceVersionDate "2023.10.10"]
[SourceQuality "1"]

1. d4 Nf6 2. Nf3 e6 3. Bg5 h6 4. Bxf6 Qxf6 5. e4 d6 6. Nc3 Nd7 7. Bb5 c6 8. Bd3 e5 9. dxe5 Nxe5 10. Nxe5 dxe5 11. 0-0 Bc5 12. Qe2 0-0 13. Rad1 Qg6 14. Kh1 Be6 15. Bc4 Rad8 16. Bxe6 Qxe6 17. f3 Rd4 18. b3 Rfd8 19. Rxd4 Bxd4 20. Rd1 Rd6 21. Nb1 Qd7 22. c3 Bb6 23. Rxd6 Qxd6 24. Qd2 Qc5 25. Qe1 Kf8 26. g3 Ke7 27. Kg2 h5 28. h4 f6 29. Qc1 Qf2+ 30. Kh3 Qxf3 31. Nd2 Qg4+ 32. Kh2 Bf2 33. Nf1 Qxe4 34. Qd2 Bb6 35. c4 Qf3 36. Qg2 Qxg2+ 37. Kxg2 Kd6 38. Kf3 Kc5 39. a3 Kd4 0-1

[Event "Titled Tuesday intern op 04th Jul Late"]
[Site "Chess.com INT"]
[Date "2023.07.04"]
[Round "4"]
[White "Korpics, Zsolt"]
[Black "Avila Rodriguez, Joshua Ad"]
[Result "0-1"]
[WhiteElo "2300"]
[BlackElo "2239"]
[PlyCount "140"]
[EventDate "2023.07.04"]
[EventType "swiss (blitz)"]
[EventRounds "11"]
[EventCountry "USA"]
[SourceTitle "EXT 2024"]
[Source "ChessBase"]
[SourceDate "2023.10.10"]
[SourceVersion "1"]
[SourceVersionDate "2023.10.10"]
[SourceQuality "1"]

1. e4 c5 2. Nf3 d6 3. d4 cxd4 4. Nxd4 Nf6 5. Nc3 a6 6. h3 e5 7. Nde2 h5 8. g3 Be7 9. Bg2 b5 10. 0-0 Bb7 11. a4 b4 12. Nd5 Nxd5 13. exd5 0-0 14. c3 a5 15. Qb3 Ba6 16. Re1 bxc3 17. Nxc3 Nd7 18. Qd1 Rb8 19. Qxh5 Nc5 20. Ne4 Nb3 21. Ng5 Bd3 22. Re4 Bxg5 23. Bxg5 f6 24. Rd1 Bc2 25. Bh6 Qe8 26. Qg4 Qf7 27. Qh4 f5 28. Re2 Bxd1 29. Re1 Bc2 30. Bg5 Nd4 31. g4 fxg4 32. Be4 Qxf2+ 33. Qxf2 Rxf2 34. Kxf2 Bxe4 35. Rxe4 Rxb2+ 36. Kg3 gxh3 37. Kxh3 Rb4 38. Kg4 Rxa4 39. Be3 Ra3 40. Bxd4 Ra4 41. Kf5 Rxd4 42. Re3 a4 43. Ra3 Rxd5 44. Rxa4 Rd4 45. Ke6 Kh7 46. Ra3 Kg6 47. Rg3+ Kh5 48. Kf5 Kh4 49. Rxg7 Rf4+ 50. Ke6 Rg4 51. Rh7+ Kg3 52. Kxd6 e4 53. Ke5 e3 54. Kd5 e2 55. Re7 Kf2 56. Ke5 e1Q+ 57. Kf6 Qxe7+ 58. Kxe7 Kf3 59. Ke6 Kf4 60. Kf6 Rh4 61. Kg6 Rh3 62. Kf6 Rh6+ 63. Kg7 Kg5 64. Kf7 Kf5 65. Kg7 Rh5 66. Kf7 Rh7+ 67. Kg8 Kg6 68. Kf8 Kf6 69. Kg8 Rh6 70. Kf8 Rh8# 0-1

[Event "Titled Tuesday intern op 04th Jul Early"]
[Site "Chess.com INT"]
[Date "2023.07.04"]
[Round "8"]
[White "Korpics, Zsolt"]
[Black "Mishra, Manoj"]
[Result "1-0"]
[WhiteElo "2300"]
[BlackElo "1902"]
[PlyCount "51"]
[EventDate "2023.07.04"]
[EventType "swiss (blitz)"]
[EventRounds "11"]
[EventCountry "USA"]
[SourceTitle "EXT 2024"]
[Source "ChessBase"]
[SourceDate "2023.10.10"]
[SourceVersion "1"]
[SourceVersionDate "2023.10.10"]
[SourceQuality "1"]

1. e4 d6 2. d4 Nf6 3. Nc3 Nbd7 4. g4 h6 5. Be3 e5 6. f3 Be7 7. Qd2 c6 8. 0-0-0 Qa5 9. Nge2 b5 10. Ng3 b4 11. Nb1 Qxa2 12. Nf5 a5 13. Nxe7 Kxe7 14. dxe5 dxe5 15. Qd6+ Ke8 16. Qxc6 Rb8 17. Bc4 Qa1 18. Ba7 Bb7 19. Qb5 Bxe4 20. Bxb8 Bxf3 21. Rhe1 Bxd1 22. Bd6 Bxg4 23. Rxe5+ Be6 24. Rxe6+ fxe6 25. Bxe6 b3 26. Qc6 1-0

[Event "Titled Tuesday intern op 04th Jul Early"]
[Site "Chess.com INT"]
[Date "2023.07.04"]
[Round "6"]
[White "Korpics, Zsolt"]
[Black "Womacka, Mathias"]
[Result "0-1"]
[WhiteElo "2300"]
[BlackElo "2390"]
[PlyCount "116"]
[EventDate "2023.07.04"]
[EventType "swiss (blitz)"]
[EventRounds "11"]
[EventCountry "USA"]
[SourceTitle "EXT 2024"]
[Source "ChessBase"]
[SourceDate "2023.10.10"]
[SourceVersion "1"]
[SourceVersionDate "2023.10.10"]
[SourceQuality "1"]

1. e4 c5 2. Nf3 d6 3. d4 cxd4 4. Nxd4 Nf6 5. Nc3 a6 6. h3 e6 7. g4 b5 8. g5 Nfd7 9. Bg2 Bb7 10. 0-0 Nc6 11. Be3 Be7 12. h4 Rc8 13. Qh5 0-0 14. Qe2 Nb6 15. Nxc6 Bxc6 16. b3 Bb7 17. Nd1 Qc7 18. Rc1 Rfe8 19. f4 d5 20. e5 Ba3 21. Rb1 Bc5 22. c3 Red8 23. Bd4 Bxd4+ 24. cxd4 b4 25. Ne3 Qc3 26. Rbd1 a5 27. f5 Ba6 28. Qf2 Bxf1 29. Bxf1 a4 30. h5 axb3 31. axb3 Qxb3 32. h6 Rc3 33. Re1 Nc4 34. Bxc4 dxc4 35. g6 Rxe3 36. gxf7+ Kxf7 37. fxe6+ Kxe6 38. Rxe3 Qd1+ 39. Kg2 Qg4+ 40. Rg3 Qxd4 41. Qxd4 Rxd4 42. hxg7 Rd8 43. g8Q+ Rxg8 44. Rxg8 b3 45. Rb8 Kxe5 46. Kf3 Kd4 47. Ke2 Kc3 48. Kd1 b2 49. Rb7 h5 50. Rb8 h4 51. Ke2 Kc2 52. Ke3 c3 53. Kd4 b1Q 54. Rxb1 Kxb1 55. Kxc3 h3 56. Kd3 h2 57. Ke2 h1Q 58. Kf2 Qh3 0-1

[Event "Titled Tuesday intern op 04th Jul Late"]
[Site "Chess.com INT"]
[Date "2023.07.04"]
[Round "5"]
[White "Sargsyan, Tigran R"]
[Black "Korpics, Zsolt"]
[Result "1-0"]
[WhiteElo "2262"]
[BlackElo "2300"]
[PlyCount "75"]
[EventDate "2023.07.04"]
[EventType "swiss (blitz)"]
[EventRounds "11"]
[EventCountry "USA"]
[SourceTitle "EXT 2024"]
[Source "ChessBase"]
[SourceDate "2023.10.10"]
[SourceVersion "1"]
[SourceVersionDate "2023.10.10"]
[SourceQuality "1"]

1. e4 c5 2. Nf3 e6 3. c3 Nf6 4. e5 Nd5 5. Bc4 Nb6 6. Bb3 d6 7. exd6 Bxd6 8. 0-0 0-0 9. d4 cxd4 10. cxd4 h6 11. Nc3 Nc6 12. a3 e5 13. dxe5 Nxe5 14. Ne4 Bc7 15. Nxe5 Bxe5 16. Qh5 Qd3 17. Qxe5 Qxb3 18. Be3 Nc4 19. Nd2 Nxd2 20. Bxd2 Qe6 21. Qd4 Qd7 22. Qe3 Re8 23. Qc3 Qc6 24. Qxc6 bxc6 25. Be3 Be6 26. Rfd1 Bd5 27. Rac1 a6 28. Rc5 Rab8 29. b4 Red8 30. f3 Kf8 31. Kf2 Ke7 32. h4 Ke6 33. h5 f6 34. g4 Kf7 35. Ra5 Bc4 36. Rc1 Bb5 37. a4 Bd3 38. Bd2 1-0